000 005380000a22001810004500
003 MACL
005 20160522112133.0
008 160522b xxu||||| |||| 00| 0 eng d
040 _aMACL
_cMACL
041 _aHindi
082 _a891.433 MIT
100 _aमिथिलेश्‍वर
_945164
245 _aतिरिया जनम
_cमिथिलेश्‍वर
260 _bकिताबघर
_c1993
_aनई दिल्‍ली
350 _a50
650 _aStories
_958655
942 _cHIN
_k891.433/MIT/S
_2ddc
999 _c20592
_d20592